| 000 | 01287cam a2200349 a 4500 | ||
|---|---|---|---|
| 001 | 4197 | ||
| 003 | FISKH | ||
| 005 | 20240626160302.0 | ||
| 008 | 071001s2008 maua j 000 0 eng | ||
| 010 | _a 2007040723 | ||
| 020 | _a9780763625306 (hbk. : alk. paper) | ||
| 020 | _a9780545904421 | ||
| 040 |
_aDLC _cDLC _dDLC _beng |
||
| 043 | _an-us-ny | ||
| 050 | _aF128.L6 | ||
| 082 | _a974.71 | ||
| 100 | 1 | _aRappaport, Doreen. | |
| 245 | 1 | 0 |
_aLady Liberty : _ba biography / _cDoreen Rappaport ; illustrated by Matt Tavares. |
| 260 |
_aNew York : _bScholastic, _c2008 |
||
| 300 |
_a40 pages : _bcolor illustrations ; _c27 cm |
||
| 505 | _aR | ||
| 520 | _aTells the story of the Statue of Liberty, the sculptor, the engineer, the newspaper publisher, the poet and many others who had a part in the erection of this monument. | ||
| 521 | 8 |
_a760
_bLexile AD |
|
| 521 | 8 |
_aR
_bRaz-Plus |
|
| 650 | 0 |
_aStatue of Liberty (New York, N.Y.) _vJuvenile literature. |
|
| 650 | 0 |
_aStatue of Liberty (New York, N.Y.) _xHistory _vJuvenile literature. |
|
| 651 | 0 |
_aNew York (N.Y.) _xBuildings, structures, etc. _vJuvenile literature. |
|
| 700 | 1 |
_aTavares, Matt, _eillustrator |
|
| 906 |
_a7 _bcbc _corignew _d1 _eecip _f20 _gy-gencatlg |
||
| 942 |
_2ddc _cBK _n0 |
||
| 999 |
_c4197 _d4197 |
||